00506nmm a2200169Ia 4500008004100000041000800041100002000049245002000069264008700089300001600176650002100192700002000213700002800233856005100261942000700312999001700319251105s9999||||xx |||||||||||||||||und|| aspa aDeledda, Grazia 0aElías Portolu a[Madrid, España] :bCiudad de Libros, c[Fecha de publicación no identificada] a0 páginas aOther narratives aDeledda, Grazia1 a Miguel Belloso, José uhttps://public.digitaliapublishing.com/a/81967 cCF c64648d64648